| 000 | 00709nam a2200253 a 4500 | ||
|---|---|---|---|
| 001 | 000037848 | ||
| 003 | DO-SdBNP | ||
| 005 | 20220202120012.0 | ||
| 008 | 130307s2008 dr 000 0 spa d | ||
| 020 | _a9789945068863 | ||
| 040 |
_aBPMSU _bspa _cBPMSU |
||
| 082 | 0 | 4 |
_a883.2 _bH766o |
| 100 | 1 | _aHomero | |
| 245 | 1 | 3 |
_aLa odisea / _cHomero. |
| 260 |
_aSanto Domingo : _bSantuario, _c2008. |
||
| 300 |
_a103 p. ; _c22 cm. |
||
| 490 | 0 |
_aSantuario; _v43 |
|
| 590 | _6Inventariado, 2022/VM | ||
| 600 | 1 | 4 |
_aHomero, _dSiglo IX? a.C. _tOdisea |
| 650 | 4 | _aPoesía épica griega | |
| 650 | 4 |
_aOdisea (Mitología griega) _xPoesía |
|
| 910 | _aVMateo V./Validado. Control de validad MFF | ||
| 942 |
_2ddc _cBK |
||
| 999 |
_c7570 _d7570 |
||